000 00672nam a2200289Ia 4500
005 20260324150245.0
008 008 260324s9999 xx 000 0 eng d
020 _a9781315081106
037 _aEBOOK
040 _aCRL
040 _beng
040 _cCRL
041 _2eng
041 _aeng
084 _qCRL
100 _aG. E. von Grunebaum
_91225805
245 0 _aClassical Islam
245 2 _bA History, 600 A.D. to 1258 A.D.
260 _bTaylor and Francis
260 _c1970
365 _a
365 _b230
856 _uhttp://www.taylorfrancis.com/books/9781315081106
942 _cEBOOK
999 _c1834942
_d1834942